|
|
|
|
| LEADER |
01208nam a22003015i 4500 |
| 001 |
28416 |
| 003 |
BD-DhAAL |
| 005 |
20141202110447.0 |
| 008 |
141202s2013 ph b i000 0 eng |
| 010 |
|
|
|a 2014309712
|
| 020 |
|
|
|a 9789292541712 (paperback)
|
| 020 |
|
|
|a 9789292541729 (pdf)
|
| 040 |
|
|
|a DLC
|b eng
|c DLC
|e rda
|d BD-DhAAL
|
| 082 |
|
|
|2 22
|a 332.153095
|
| 100 |
1 |
|
|a Schutter, Olivier de,
|e author.
|9 6395
|
| 245 |
1 |
0 |
|a Gender equality and food security :
|b women's empowerment as a tool against hunger.
|
| 260 |
|
|
|a Manila :
|b Asian Development Bank,
|c 2013
|
| 300 |
|
|
|a xii, 99 pages ;
|c 28 cm
|
| 500 |
|
|
|a "Author, Olivier de Schutter, United Nations Special Rapporteur on the Right to Food"--Acknowledgments page.
|
| 500 |
|
|
|a "Publication stock no. RPT1357823"--Verso of title page.
|
| 504 |
|
|
|a Includes bibliographical references (pages 83-99).
|
| 541 |
|
|
|e 28416
|
| 546 |
|
|
|a In English.
|
| 650 |
|
|
|a Asian Development Bank
|9 6393
|
| 710 |
2 |
|
|a Asian Development Bank,
|e publisher.
|9 6396
|
| 942 |
|
|
|2 ddc
|c BK
|
| 999 |
|
|
|c 33174
|d 33174
|
| 952 |
|
|
|0 0
|1 0
|2 ddc
|4 0
|6 332_153095000000000_SCH
|7 0
|9 44280
|a BRACUL
|b BRACUL
|c GEN
|d 2014-12-02
|l 0
|o 332.153095 SCH
|p 3010028416
|r 2014-12-02
|t 1
|w 2014-12-02
|y BK
|